00665nam a2200205Ia 4500003000900000008004100009020001800050040001600068080001500084100002800099245009200127260002800219300001000247650004100257650002900298650001900327942000700346999001500353952009100368IN-BaIIA211028s9999 xx 000 0 eng d a0-14-020676-0 cIIA Library a8.081bCOO aCooper, Bruce M.911470 0aWriting technical reports.cBruce M. Cooper  aUKbPenguin Booksc1964 a188p. aAstronomy and Astrophysics Thesaurus aTechnical Reports911471 aWriting911472 cBK c6696d6696 00104070aBANbBANcGENd1981-01-02l0o8.081/ COOp7446r2021-11-05w1981-01-02yBK